Responses for Show #4722 - Tuesday, March 1, 2005

2005 Ultimate Tournament of Champions Round 1, game 15.

Contestants

[<< previous game]

Kevin Keach, a project administrator from St. Louis, Missouri

Bruce Borchardt, a metrologist from Washington, D.C.

Diane Siegel, an educational consultant and writer from Northridge, California

[next game >>]

Jeopardy! Round responses

MEDICAL MILESTONES
HARLEM GLOBETROTTIN'
THE ONION
(Alex: Historic headlines in The Onion is what we'll deal with.)
GO JUMP IN A GREAT LAKE!
ALSO AN APPLE VARIETY
I "AM"
    $200 16
rabies

Diane
    $200 26
Gilligan's Island

Kevin
    $200 11
McKinley

Kevin
    $200 21
Superior

Kevin
    $200 1
Jonathan

Kevin
    $200 6
ambulatory

Kevin
    $400 17
the Rh

Kevin
    $400 27
the (Washington) Generals

Bruce
    $400 12
Idi Amin

Bruce
    $400 22
(Diane: What is Lake Erie?)
(Kevin: What is Huron?)
(Bruce: What is Lake Huron?)
[Laughter]

Ontario

DianeBruceKevin
Triple Stumper
    $400 2
Baldwin

Kevin
    $400 7
amity

Bruce
    $600 18
morphine

Bruce
    $600 28
Kissinger

Kevin
    $600 13
Hemingway

Diane
    $600 23
(Bruce: What is Michigan?)
...
(Kevin: Now, what is [*]?)

Huron

BruceKevin
    $600 3
(Kevin: What is Pepin?)

Pippin

DianeKevin
    $600 8
ambrosia

Kevin
    $800 19
(Diane: What is heart surgery?)

cryogenic (or cryosurgery)

DianeBruce
    $800 29
Althea Gibson

Diane
    $800 14
Franz Ferdinand

Kevin
    $800 24
(Kevin: Now, what is [*]?)

Michigan

Kevin
    $800 4
(Diane What is a Tudor?)

York

DianeBruce
    $800 9
amalgam

Bruce
    $1000 20
angioplasty

Bruce
    $1000 30
Paul VI

Kevin
    $1,800 15
(Alex: You have enough money to catch and pass Bruce.)
(Kevin: I certainly do. Let's make it a True Daily Double, Alex.)
(Alex: I certainly do, Ollie!)

Rasputin

Kevin
    $1000 25
(Kevin: What is Ontario?)

Erie

BruceKevin
    $1000 5
Spartan

Diane
    $1000 10
amaryllis

Bruce

Scores at the first commercial break (after clue 15):

Diane Bruce Kevin
$1,400 $3,400 $3,600

Scores at the end of the Jeopardy! Round:

Diane Bruce Kevin
$1,200 $6,200 $6,000

Double Jeopardy! Round responses

EGYPTIAN RELIGION
CROSSWORD CLUES "S"
BEFORE & AFTER JOBS
BRIT LIT
1984
BIG BROTHERS
    $400 1
Luxor

Triple Stumper
    $400 6
a scythe

Diane
    $400 26
the Cowardly Lion tamer

Triple Stumper
    $400 9
Charles Dickens

Kevin
    $400 19
(Bruce: What is Haleakala?)

Mauna Loa

DianeBruce
    $400 14
The Everly Brothers

Bruce
    $800 2
(Alex: Their daily food and drink was [*]. Those Egyptians knew how to live.)

bread & beer

Triple Stumper
    $800 7
(Alex: [*]. [*] Plain, [*] steak.)

Salisbury

Triple Stumper
    $800 27
the Phillips-head waiter

Triple Stumper
    $800 10
"The Miller's Tale"

Diane
    $800 20
(Diane: Who is Shirley Chisholm?)

(Geraldine) Ferraro

DianeBruce
    $800 15
Randy Quaid

Bruce
    $1200 3
(Diane: What is anthrotheological-anthropology-I-don't-know?)
(Alex: All right. But you made a valiant stab at it with all kinds of terminology. Were you looking for [*]?)
(Diane: Yes, exactly!)
(Alex: I knew you were.)
(Diane: Thank you. Thank you, Alex.)

anthropomorphism

Diane
Triple Stumper
    $1200 8
a salutation

Bruce
    $1200 28
the Secretary of Energy Drinks

Bruce
    $2,000 11
(Diane: As you wish.)
(Alex: "As you wish"? That's not a Shakespeare play.)
(Diane: [*] was what I was going to say.)
(Alex: Yeah, but I ruled it a no on the first part. The play is [*]. You forgot to phrase it in the form of a question also.)
(Diane: Oh, my, well, that would have been wrong all around, so I deserve that, don't I?)
(Alex: Well, you made two mistakes on that one, which is pretty good.)

As You Like It

Diane
    $1200 21
(Indira) Gandhi

Bruce
    $1,000 16
The Doobie Brothers

Bruce
    $1600 4
(Bruce: Who is Thoth?)

Osiris

Bruce
Triple Stumper
    $1600 24
sanguine

Bruce
    $1600 29
(Alex: 25 Right is an airport runway. That would be [*].)

an airport runway model

Triple Stumper
    $1600 12
Ian McEwan

Triple Stumper
    $1600 22
(Richard) Branson

Kevin
    $1600 17
Raising Arizona

Kevin
    $2000 5
[Applause for Bruce's first correct response of the category]

Anubis

Bruce
    $2000 25
a scapegoat

Triple Stumper
    $2000 30
(Diane: I'd like to be on that right now. Thank you, Alex.)

a gravy train conductor

Triple Stumper
    $2000 13
The Dunciad

Triple Stumper
    $2000 23
(Joseph) Heller

Bruce
    $2000 18
The Blues Brothers

Triple Stumper

Scores at the end of the Double Jeopardy! Round:

Diane Bruce Kevin
-$1,200 $16,400 $9,600

[wagering suggestions for these scores]

Final Jeopardy! Round responses

HISTORIC QUOTATIONS
KevinWhat is speak softly & carry a big stick?
$9,600
BruceWHAT is speak softly and carry a BIG STICK
$2,801
"speak softly and carry a big stick"

Final scores:

Diane Bruce Kevin
-$1,200 $19,201 $19,200
3rd place: $5,000 Winner: $19,201 + an advance to UToC Round 2 2nd place: $5,000

Game dynamics:

Coryat scores:

Diane Bruce Kevin
$800 $16,600 $8,800
8 R,
6 W
(including 1 DD)
20 R
(including 1 DD),
4 W
17 R
(including 1 DD),
3 W

Combined Coryat: $26,200

[game clues] [game scores] [suggest correction]

Game tape date: 2005-02-08
The J! Archive is created by fans, for fans. Scraping, republication, monetization, and malicious use prohibited; this site may use cookies and collect identifying information. See terms. The Jeopardy! game show and all elements thereof, including but not limited to copyright and trademark thereto, are the property of Jeopardy Productions, Inc. and are protected under law. This website is not affiliated with, sponsored by, or operated by Jeopardy Productions, Inc. Join the discussion at JBoard.tv.